| 000 | 00740nam a2200205 i 4500 | ||
|---|---|---|---|
| 001 | 39791 | ||
| 003 | ES-MaACL | ||
| 005 | 20230906160101.0 | ||
| 007 | t| | ||
| 008 | 030304s1888 sp ||||1| spa d | ||
| 080 | _a908(599.18 Palawan) | ||
| 100 | 1 |
_aCanga-Argüelles y Villalba, Felipe. _934498 |
|
| 245 | 1 | 3 |
_aLa isla de la Paragua _b: estudio geográfico-político-social / _cFelipe Canga Argüelles y Villalba. |
| 260 |
_aMadrid : _b[s.n.], _c1888 ( _fEstab. Tip. de Fortanet) |
||
| 300 |
_a88 p. ; _c24 cm. |
||
| 530 | _aDisponible en formato digital. | ||
| 651 | 4 |
_aPalawan- _xDescripción. _9153833 |
|
| 852 |
_aES-MaACL _jT-535-F-5 |
||
| 856 |
_uhttp://bdh-rd.bne.es/viewer.vm?id=0000091472&page=1 _zBiblioteca Digital Hispánica |
||
| 999 |
_c39791 _d39791 |
||